MARC

LEADER 00000nam0a2200000 4500
001 107755
005 20231031115411.0
010 |a 5852001775 
035 |a (RuTPU)RU\TPU\book\116322 
035 |a RU\TPU\book\21219 
090 |a 107755 
100 |a 20061228d1992 m y0rusy50 ca 
101 0 |a rus 
102 |a RU 
105 |a aс z 000yy 
200 1 |a Государственная Третьяковская галерея  |e Альбом 
210 |a Москва  |c Изобразительное искусство  |d 1992 
215 |a 100 с.  |c ил. 
610 1 |a искусство 
610 1 |a изобразительное искусство 
610 1 |a музеи 
610 1 |a Государственная Третьяковская галерея 
610 1 |a альбомы 
675 |a 7(069)  |v 3 
801 0 |a RU  |b 63413507  |c 20011209  |g PSBO 
801 2 |a RU  |b 63413507  |c 20171113  |g PSBO 
942 |c BK